<?xml version="1.0" encoding="UTF-8"?><collection><record xmlns="http://www.loc.gov/MARC21/slim" xmlns:xsi="http://www.w3.org/2001/XMLSchema-instance">
    <leader>00000nam a22000005i 4500</leader>
    <controlfield tag="001">978-3-030-54602-1</controlfield>
    <controlfield tag="003">DE-He213</controlfield>
    <controlfield tag="005">20240508234107.0</controlfield>
    <controlfield tag="007">cr nn 008mamaa</controlfield>
    <controlfield tag="008">200828s2021    sz |    s    |||| 0|eng d</controlfield>
    <datafield ind1=" " ind2=" " tag="020">
      <subfield code="a">9783030546021</subfield>
      <subfield code="9">978-3-030-54602-1</subfield>
    </datafield>
    <datafield ind1="7" ind2=" " tag="024">
      <subfield code="a">10.1007/978-3-030-54602-1</subfield>
      <subfield code="2">doi</subfield>
    </datafield>
    <datafield ind1=" " ind2="4" tag="050">
      <subfield code="a">JF1001-1048.52</subfield>
    </datafield>
    <datafield ind1=" " ind2="7" tag="072">
      <subfield code="a">JPHF</subfield>
      <subfield code="2">bicssc</subfield>
    </datafield>
    <datafield ind1=" " ind2="7" tag="072">
      <subfield code="a">POL008000</subfield>
      <subfield code="2">bisacsh</subfield>
    </datafield>
    <datafield ind1=" " ind2="7" tag="072">
      <subfield code="a">JPHF</subfield>
      <subfield code="2">thema</subfield>
    </datafield>
    <datafield ind1="0" ind2="4" tag="082">
      <subfield code="a">324.6</subfield>
      <subfield code="2">23</subfield>
    </datafield>
    <datafield ind1="1" ind2=" " tag="100">
      <subfield code="a">Aaltola, Mika.</subfield>
      <subfield code="e">author.</subfield>
      <subfield code="4">aut</subfield>
      <subfield code="4">http://id.loc.gov/vocabulary/relators/aut</subfield>
    </datafield>
    <datafield ind1="1" ind2="0" tag="245">
      <subfield code="a">Democratic Vulnerability and Autocratic Meddling</subfield>
      <subfield code="h">[electronic resource] :</subfield>
      <subfield code="b">The &quot;Thucydidean Brink&quot; in Regressive Geopolitical Competition /</subfield>
      <subfield code="c">by Mika Aaltola.</subfield>
    </datafield>
    <datafield ind1=" " ind2=" " tag="250">
      <subfield code="a">1st ed. 2021.</subfield>
    </datafield>
    <datafield ind1=" " ind2="1" tag="264">
      <subfield code="a">Cham :</subfield>
      <subfield code="b">Springer International Publishing :</subfield>
      <subfield code="b">Imprint: Palgrave Macmillan,</subfield>
      <subfield code="c">2021.</subfield>
    </datafield>
    <datafield ind1=" " ind2=" " tag="300">
      <subfield code="a">VII, 198 p. 1 illus.</subfield>
      <subfield code="b">online resource.</subfield>
    </datafield>
    <datafield ind1=" " ind2=" " tag="336">
      <subfield code="a">text</subfield>
      <subfield code="b">txt</subfield>
      <subfield code="2">rdacontent</subfield>
    </datafield>
    <datafield ind1=" " ind2=" " tag="337">
      <subfield code="a">computer</subfield>
      <subfield code="b">c</subfield>
      <subfield code="2">rdamedia</subfield>
    </datafield>
    <datafield ind1=" " ind2=" " tag="338">
      <subfield code="a">online resource</subfield>
      <subfield code="b">cr</subfield>
      <subfield code="2">rdacarrier</subfield>
    </datafield>
    <datafield ind1=" " ind2=" " tag="347">
      <subfield code="a">text file</subfield>
      <subfield code="b">PDF</subfield>
      <subfield code="2">rda</subfield>
    </datafield>
    <datafield ind1="0" ind2=" " tag="505">
      <subfield code="a">1. Introduction -- 2. The Thucydidean Brink -- 3. Grim Pull of American Democratic Vulnerability -- 4. Russian Cyber-enabled Diversions in the West -- 5. Pattern of Meddling in 2016 US Elections -- 6. Stages of Digitalized regressive Meddling -- 7. Crowdsourced Meddling and Flow-State -- 8. Contrast Point: The Chinese Recruitment Web -- 9. Covid-19 Pandemic Deepening Regressive Trajectories. .</subfield>
    </datafield>
    <datafield ind1=" " ind2=" " tag="520">
      <subfield code="a">This book investigates complex regressive dynamics in contemporary Western democracies. They include not only severe polarization in domestic politics, but also efforts by external autocratic powers to co-opt the increasingly digitalized political processes in the West. The discussion on democratic vulnerability and regression has rarely been historically and theoretically reflective. The aim is to fill this relative void by drawing on classical sources to inform about the political anxieties and agitations of our present time as the Western world moves towards new critical elections. The key concept of the analysis, a Thucydidean brink, refers to a critical point where the attraction felt towards an outside geopolitical competitor becomes stronger than the political affinity felt towards one’s domestic political opponent. As political polarization, societal decomposition and the collusive tendencies grow in strength, political factions and political candidates in western societies can be(come) drawn to autocratic actors. Perhaps most alarmingly, the resulting nexus between democracies and autocracies can further intensify mutual regression and form downwards-sloping spirals that are not ultimately under any strategic control. This book draws from the experiences of recent elections in major Western democracies to illustrate the widening and deepening underlying regressive tendency. Mika Aaltola is Director of the Finnish Institute of International Affairs, Finland, and Professor of International Relations at Tallinn University, Estonia.</subfield>
    </datafield>
    <datafield ind1=" " ind2="0" tag="650">
      <subfield code="a">Elections.</subfield>
    </datafield>
    <datafield ind1=" " ind2="0" tag="650">
      <subfield code="a">Political science.</subfield>
    </datafield>
    <datafield ind1=" " ind2="0" tag="650">
      <subfield code="a">International relations.</subfield>
    </datafield>
    <datafield ind1="1" ind2="4" tag="650">
      <subfield code="a">Electoral Politics.</subfield>
    </datafield>
    <datafield ind1="2" ind2="4" tag="650">
      <subfield code="a">Political Science.</subfield>
    </datafield>
    <datafield ind1="2" ind2="4" tag="650">
      <subfield code="a">International Relations Theory.</subfield>
    </datafield>
    <datafield ind1="2" ind2="4" tag="650">
      <subfield code="a">Political Theory.</subfield>
    </datafield>
    <datafield ind1="2" ind2=" " tag="710">
      <subfield code="a">SpringerLink (Online service)</subfield>
    </datafield>
    <datafield ind1="0" ind2=" " tag="773">
      <subfield code="t">Springer Nature eBook</subfield>
    </datafield>
    <datafield ind1="0" ind2="8" tag="776">
      <subfield code="i">Printed edition:</subfield>
      <subfield code="z">9783030546014</subfield>
    </datafield>
    <datafield ind1="0" ind2="8" tag="776">
      <subfield code="i">Printed edition:</subfield>
      <subfield code="z">9783030546038</subfield>
    </datafield>
    <datafield ind1="0" ind2="8" tag="776">
      <subfield code="i">Printed edition:</subfield>
      <subfield code="z">9783030546045</subfield>
    </datafield>
    <datafield ind1="4" ind2="0" tag="856">
      <subfield code="u">https://doi.org/10.1007/978-3-030-54602-1</subfield>
    </datafield>
    <datafield ind1=" " ind2=" " tag="912">
      <subfield code="a">ZDB-2-POS</subfield>
    </datafield>
    <datafield ind1=" " ind2=" " tag="912">
      <subfield code="a">ZDB-2-SXPI</subfield>
    </datafield>
    <datafield ind1=" " ind2=" " tag="950">
      <subfield code="a">Political Science and International Studies (SpringerNature-41174)</subfield>
    </datafield>
    <datafield ind1=" " ind2=" " tag="950">
      <subfield code="a">Political Science and International Studies (R0) (SpringerNature-43724)</subfield>
    </datafield>
  </record></collection>